000 00860nam a2200265 i 4500
001 019973324
003 Uk
005 20260126100947.0
008 200803s2023 enk o 000|0|eng|d
020 _a9781804941669
_qpaperback
040 _aStDuBDS
_beng
_cStDuBDS
_dUk
_duoc
_erda
_epn
082 0 4 _a158.1
_223
_bSAR
100 1 0 _aCrosby, Sarah,
_eauthor.
_94537
245 1 0 _aFive minute therapy:
_bA therapist's Guide to navigating life's highs and lows.
_cSarah Crosby.
264 1 _aLondon :
_bPenguin Books,
_c2023.
264 4 _c© Sarah Crosby, 2020.
300 _a288 pages:
_c21 cm.
336 _atext
_2rdacontent
_btxt
337 _acomputer
_2rdamedia
_bn
338 _aonline resource
_2rdacarrier
_bnc
504 _aIncludes Index.
650 0 _aSelf-actualization (Psychology)
650 0 _aPsychotherapy
_vPopular works.
_94017
942 _2ddc
_cBK
999 _c1776
_d1776